<?xml version="1.0" encoding="UTF-8"?>
<record
    xmlns:xsi="http://www.w3.org/2001/XMLSchema-instance"
    xsi:schemaLocation="http://www.loc.gov/MARC21/slim http://www.loc.gov/standards/marcxml/schema/MARC21slim.xsd"
    xmlns="http://www.loc.gov/MARC21/slim">

  <leader>00308nam a22000977a 4500</leader>
  <controlfield tag="008">160615b        xxu||||| |||| 00| 0 eng d</controlfield>
  <datafield tag="100" ind1=" " ind2=" ">
    <subfield code="a">Mohamed Mohamed</subfield>
  </datafield>
  <datafield tag="245" ind1=" " ind2=" ">
    <subfield code="a">Kiu</subfield>
  </datafield>
  <datafield tag="260" ind1=" " ind2=" ">
    <subfield code="a">Nairobi</subfield>
    <subfield code="b">Longhorn Publishers</subfield>
    <subfield code="c">1972</subfield>
  </datafield>
  <datafield tag="500" ind1=" " ind2=" ">
    <subfield code="a">This book is for Inter Library Loan, to be returned to high school when returned</subfield>
  </datafield>
  <datafield tag="999" ind1=" " ind2=" ">
    <subfield code="c">15998</subfield>
    <subfield code="d">15998</subfield>
  </datafield>
  <datafield tag="952" ind1=" " ind2=" ">
    <subfield code="0">0</subfield>
    <subfield code="1">0</subfield>
    <subfield code="2">lcc</subfield>
    <subfield code="7">0</subfield>
    <subfield code="9">31501</subfield>
    <subfield code="a">KABU</subfield>
    <subfield code="b">KABU</subfield>
    <subfield code="d">2016-06-15</subfield>
    <subfield code="l">0</subfield>
    <subfield code="o">Kiu-ILL</subfield>
    <subfield code="p">026518</subfield>
    <subfield code="r">2016-06-15 00:00:00</subfield>
    <subfield code="t">Kiu-ILl</subfield>
    <subfield code="w">2016-06-15</subfield>
    <subfield code="y">ILL</subfield>
    <subfield code="z">To  be returned to highschool upon return - Gerald</subfield>
  </datafield>
  <datafield tag="952" ind1=" " ind2=" ">
    <subfield code="0">0</subfield>
    <subfield code="1">0</subfield>
    <subfield code="2">lcc</subfield>
    <subfield code="7">0</subfield>
    <subfield code="9">31582</subfield>
    <subfield code="a">KABU</subfield>
    <subfield code="b">KABU</subfield>
    <subfield code="d">2016-08-05</subfield>
    <subfield code="l">1</subfield>
    <subfield code="p">026530</subfield>
    <subfield code="r">2016-09-06 00:00:00</subfield>
    <subfield code="s">2016-08-06</subfield>
    <subfield code="w">2016-08-05</subfield>
    <subfield code="y">ILL</subfield>
  </datafield>
  <datafield tag="952" ind1=" " ind2=" ">
    <subfield code="0">0</subfield>
    <subfield code="1">0</subfield>
    <subfield code="2">lcc</subfield>
    <subfield code="7">0</subfield>
    <subfield code="9">32344</subfield>
    <subfield code="a">KABU</subfield>
    <subfield code="b">KABU</subfield>
    <subfield code="d">2016-06-15</subfield>
    <subfield code="l">1</subfield>
    <subfield code="o">Kiu-ILL</subfield>
    <subfield code="p">027081</subfield>
    <subfield code="r">2017-08-02 00:00:00</subfield>
    <subfield code="s">2017-07-17</subfield>
    <subfield code="t">Kiu-ILl</subfield>
    <subfield code="w">2016-06-15</subfield>
    <subfield code="y">ILL</subfield>
    <subfield code="z">To  be returned to highschool upon return - Gerald</subfield>
  </datafield>
</record>
